Bangladesh: constitutional quest for autonomy, 1950-1971 (Record no. 340856)

000 -LEADER
fixed length control field 00482cam a22001457a 4500
008 - FIXED-LENGTH DATA ELEMENTS--GENERAL INFORMATION
fixed length control field 180718b1979 xxu||||| |||| 00| 0 eng d
082 ## - DEWEY DECIMAL CLASSIFICATION NUMBER
Classification number Cox5471 Ah52
100 ## - MAIN ENTRY--PERSONAL NAME
Personal name Ahmed, Moudud
245 ## - TITLE STATEMENT
Title Bangladesh: constitutional quest for autonomy, 1950-1971
Statement of responsibility, etc. by Moudud Ahmed
260 ## - PUBLICATION, DISTRIBUTION, ETC.
Place of publication, distribution, etc. Dacca
Name of publisher, distributor, etc. University Press
Date of publication, distribution, etc. 1979
300 ## - PHYSICAL DESCRIPTION
Extent 333p.
650 ## - SUBJECT ADDED ENTRY--TOPICAL TERM
Topical term or geographic name entry element Pakistan --Politics and government
650 ## - SUBJECT ADDED ENTRY--TOPICAL TERM
Topical term or geographic name entry element Bangladesh --Politics and government
650 ## - SUBJECT ADDED ENTRY--TOPICAL TERM
Topical term or geographic name entry element Constitutional history --Bangladesh
Holdings
Withdrawn status Lost status Damaged status Not for loan Permanent Location Current Location Date acquired Full call number Barcode Date last seen Price effective from Koha item type
        Indian Institute of Public Administration Indian Institute of Public Administration 1993-09-15 Cox5471 Ah52 56487 2018-07-21 2018-07-21 Book

Powered by Koha